000 00288nam a2200121Ia 4500
008 220204s9999 xx 000 0 und d
082 _bMUD
100 _aKrishnamenon, A C
245 0 _aClinical obstetrics
260 _aBombay
_bOrient Longman
_c1978
700 _aMudaliar
942 _cBK
999 _c29294
_d29294